| Tag |
First Indicator |
Second Indicator |
Subfields |
| LEADER |
00000cam a2200000 4500 |
| 001 |
in00000038118 |
| 005 |
20151007080834.0 |
| 008 |
770307s1912 xx 00000 eng |
| 010 |
|
|
|a 12018496
|
| 035 |
|
|
|a (OCoLC)00224015
|
| 035 |
|
|
|9 AAF5464AM
|
| 040 |
|
|
|a DLC
|c DMM
|d TXA
|d UtOrBLW
|
| 049 |
|
|
|a TXAM
|c [14327]
|
| 090 |
|
|
|a BT921
|b .B85 1912
|
| 092 |
|
|
|a 237.2
|b B88
|
| 100 |
1 |
|
|a Brown, William Adams,
|d 1865-1943.
|
| 245 |
1 |
4 |
|a The Christian hope :
|b a study in the doctrine of immortality.
|
| 264 |
|
1 |
|a New York :
|b C. Scribner's sons,
|c 1912.
|
| 300 |
|
|
|a 6 pages ., [ix]-xi, 216 pages ;
|c 20 cm.
|
| 336 |
|
|
|a text
|b txt
|2 rdacontent
|
| 337 |
|
|
|a unmediated
|b n
|2 rdamedia
|
| 338 |
|
|
|a volume
|b nc
|2 rdacarrier
|
| 490 |
0 |
|
|a Studies in theology
|
| 999 |
|
|
|a MARS
|
| 999 |
f |
f |
|s 70f2e54a-eb4b-3c44-bb05-04ce793f223e
|i e3d47f1c-2f9d-3778-bc1f-08a3505c7684
|t 0
|
| 952 |
f |
f |
|p ric
|a Texas A&M University
|b Rellis Campus
|c Joint Library Facility
|d Remote Storage
|t 0
|e BT921 .B85 1912
|h Library of Congress classification
|i unmediated -- volume
|m A14800609055
|
| 998 |
f |
f |
|a BT921 .B85 1912
|t 0
|l Remote Storage
|